Organización y administración de empresas industriales / (Record no. 84992)

MARC details
000 -LEADER
campo de control de longitud fija 00727nam a2200205 i 4500
001 - NÚMERO DE CONTROL
campo de control 84992
003 - IDENTIFICADOR DE NÚMERO DE CONTROL
campo de control ES-MaACL
005 - FECHA Y HORA DE LA ÚLTIMA TRANSACCIÓN
campo de control 20250902070713.0
007 - CAMPO FIJO DE DESCRIPCIÓN FÍSICA--INFORMACIÓN GENERAL
campo de control de longitud fija t|
008 - DATOS DE LONGITUD FIJA--INFORMACIÓN GENERAL
campo de control de longitud fija 041124s1934 sp |||| | spa d
100 1# - ENTRADA PRINCIPAL--NOMBRE DE PERSONA
Nombre de persona Jones, Eduardo D.
9 (RLIN) 66838
245 10 - MENCIÓN DEL TÍTULO
Título Organización y administración de empresas industriales /
Mención de responsabilidad, etc. Eduardo D. Jones ; traducción de la 2ª edición inglesa por Víctor Lletget Aleña.
250 ## - MENCION DE EDICION
Mención de edición 2ª ed. española aum., 2ª reimp.
260 ## - PUBLICACIÓN, DISTRIBUCIÓN, ETC.
Lugar de publicación, distribución, etc. Barcelona :
Nombre del editor, distribuidor, etc. Labor,
Fecha de publicación, distribución, etc. 1934 (
Fabricante Talls. Gráfs. Iberoamericanos)
300 ## - DESCRIPCIÓN FÍSICA
Extensión XVI, 784 p. ;
Dimensiones 20 cm.
650 07 - PUNTO DE ACCESO ADICIONAL DE MATERIA--TÉRMINO DE MATERIA
Término de materia o nombre geográfico como elemento de entrada Gestión de empresas
Fuente del encabezamiento o término embne
9 (RLIN) 12210
700 1# - ENTRADA AGREGADA--NOMBRE PERSONAL
Nombre de persona Lletget Aleña, Víctor.
9 (RLIN) 72773
852 ## - LOCALIZACIÓN
Ubicación ES-MaACL
Número de control de estantería A-4976
Holdings
Estatus retirado Estado de pérdida Estado de daño No para préstamo Biblioteca de origen Biblioteca actual Ubicación en estantería Fecha de adquisición Fuente de adquisición Total de préstamos Signatura topográfica completa Código de barras Visto por última vez Precio de reemplazo Tipo de ítem Koha
        Biblioteca del Ateneo de Madrid Biblioteca del Ateneo de Madrid Sala Pecera Planta 1 17/01/2008     A-4976 1088818 23/02/2023 23/02/2023 Libro impreso